| 000 | 03419nam a22003974a 4500 | ||
|---|---|---|---|
| 001 | ebr10194081 | ||
| 003 | CaPaEBR | ||
| 006 | m u | ||
| 007 | cr cn||||||||| | ||
| 008 | 061011s2007 nyuab sb 001 0 eng | ||
| 010 | _z 2006033724 | ||
| 020 | _z9781403973924 (alk. paper) | ||
| 020 | _z140397392X (alk. paper) | ||
| 040 |
_aCaPaEBR _cCaPaEBR |
||
| 035 | _a(OCoLC)567827688 | ||
| 043 | _acc----- | ||
| 050 | 1 | 4 |
_aHD403.2 _b.C374 2007eb |
| 082 | 0 | 4 |
_a333.7309729 _222 |
| 245 | 0 | 0 |
_aCaribbean land and development revisited _h[electronic resource] / _cedited by Jean Besson and Janet Momsen. |
| 250 | _a1st ed. | ||
| 260 |
_aNew York, N.Y. : _bPalgrave Macmillan, _c2007. |
||
| 300 |
_avii, 276 p. : _bill., maps. |
||
| 490 | 1 | _aStudies of the Americas | |
| 504 | _aIncludes bibliographical references and index. | ||
| 505 | 0 | _aHistorical perspectives on land and crop production -- The importance of the 1897 British Royal Commission / Bonham C. Richardson -- The Colonial Office and soil conservation in the British Caribbean, 1938-/ Lawrence S. Grossman -- Domestic food production in Guadeloupe in World War II / Glenroy Taitt -- Cuba's farmers' markets in the "special period", 1990-1995 / Rebecca Torres, Janet H. Momsen, and Debbie A. Niemeier -- Policy, planning and management -- Land, development and indigenous rights in Suriname: the role of international human rights law / Ellen-Rose Kambel -- The management of state lands in Trinidad and Tobago / J. David Stanfield and A.A. Wijetunga -- The participation paradox: stories from St Lucia / Jonathan Pugh -- Land disputes and development activity in the Dominican Republic / Donald Macleod -- Land policy in Jamaica in the decade after Agenda 21 / Learie A. Miller and David Barker -- Land for the peasantry? -- "Squatting" as a strategy for land settlement and sustainable development / Jean Besson -- The triumph of the commons: Barbuda belongs to all Barbudans together / David Lowenthal and Colin Clarke -- The contested existence of a peasantry in Martinique: scientific discourses controversies and evidence / Christine Chivallon -- The waxing and waning of land for the peasantry in Barbados / Janet Momsen -- Agro-biodiversity as an environmental management tool in small scale farming landscapes: implications for agro-chemical use / Balfour Spence and Elizabeth Thomas-Hope -- Landscape, migration and development -- Arboreal landscapes of power and resistance / Mimi Sheller -- From the pre-colonial to the virtual: the scope and scape of land, landuse and landloss on Montserrat / Jonathan Skinner -- "Leave to come back": the importance of family land in a transnational Caribbean community / Beth Mills -- Collateral and achievement: land and Caribbean migration / Margaret Byron. | |
| 533 |
_aElectronic reproduction. _bPalo Alto, Calif. : _cebrary, _d2013. _nAvailable via World Wide Web. _nAccess may be limited to ebrary affiliated libraries. |
||
| 650 | 0 |
_aLand use _zCaribbean Area. |
|
| 650 | 0 |
_aReal estate development _zCaribbean Area. |
|
| 650 | 0 |
_aAgriculture _zCaribbean Area. |
|
| 655 | 7 |
_aElectronic books. _2local |
|
| 700 | 1 |
_aBesson, Jean, _d1944- |
|
| 700 | 1 | _aMomsen, Janet Henshall. | |
| 710 | 2 | _aebrary, Inc. | |
| 830 | 0 | _aStudies of the Americas. | |
| 856 | 4 | 0 |
_uhttp://site.ebrary.com/lib/rucke/Doc?id=10194081 _zAn electronic book accessible through the World Wide Web; click to view |
| 999 |
_c221246 _d221246 |
||